Ethics, Evil, Law and the State: State Power and Political Evil /

محفوظ في:

مؤلفون آخرون: Foley, Aoife Padraigín (المحرر)

التنسيق: كتاب الكتروني

اللغة: English

منشور في: Leiden; Boston : BRILL, 2011.

سلاسل: Inter-Disciplinary Press Philosophy & Religion Special E-Book Collection, 2009-2016, ISBN: 9789004401013.

الموضوعات:

الوصول للمادة أونلاين: Login to view Source

الوسوم: إضافة وسم

لا توجد وسوم, كن أول من يضع وسما على هذه التسجيلة!

رقم الطلب: JC328.6

LEADER 01773nam a2200433 i 4500
001 BRILL9781848880771
003 nllekb
005 20210602102025.0
006 m d
007 cr un uuuua
008 191130s2011 ne sb 001 0 eng d
020 |a 9781848880771  |q (electronic book) 
020 |z 9789004403000  |q (print) 
024 7 |a 10.1163/9781848880771  |2 DOI 
035 |a (OCoLC)891381900 
040 |a NL-LeKB  |c NL-LeKB  |e rda 
050 4 |a JC328.6 
072 7 |a HPS  |2 bicssc 
072 7 |a PHI  |x 019000  |2 bisacsh 
072 7 |a SOC  |x 000000  |2 bisacsh 
082 0 4 |a 303.6  |2 23 
245 0 0 |a Ethics, Evil, Law and the State: State Power and Political Evil /  |c Edited by Aoife Padraigín Foley. 
264 1 |a Leiden;   |a Boston :  |b BRILL,  |c 2011. 
300 |a 1 online resource 
336 |a text  |b txt  |2 rdacontent 
337 |a computer  |b c  |2 rdamedia 
338 |a online resource  |2 rdacarrier 
490 1 |a Inter-Disciplinary Press Philosophy & Religion Special E-Book Collection, 2009-2016, ISBN: 9789004401013 
546 |a Text in Hebrew; preliminaries and index in English. 
588 |a Description based on print version record. 
650 0 |a Political violence  |x Government policy. 
650 0 |a Political violence  |v Congresses. 
700 1 |a Foley, Aoife Padraigín,  |e editor. 
776 0 8 |i Print version:  |t Ethics, Evil, Law and the State: State Power and Political Evil,   |d Leiden Boston : BRILL, 2011  |w 9789004403000 
830 0 |a Inter-Disciplinary Press Philosophy & Religion Special E-Book Collection, 2009-2016, ISBN: 9789004401013. 
856 4 |z DOI:   |u http://dx.doi.org/10.1163/9781848880771 
942 |c EBOOK 
952 |0 0  |1 0  |4 0  |7 1  |9 14867  |a BRILL  |b BRILL  |d 2021-06-02  |l 0  |r 2021-06-02 00:00:00  |w 2021-06-02  |y EBOOK 
999 |c 36316  |d 36316